000 00496nam a2200193 i 4500
001 bg
100 1 _aSZANIAWSKA, Magdalena
245 0 _aCobol :
_belementy programowania strukturalnego /
_cMagdalena Szaniawska.
250 _aWyd. 2 zm.
260 _aWarszawa,
_c1988.
490 1 _aProgramowanie komputerów
650 9 _aCobol
830 _aProgramowanie komputerów
040 _cBPK
041 _apol
080 _a004.438
942 _cKS
008 s pl f |000 0 pol
999 _c3529
_d3529
856 _uhttp://koha.tu.koszalin.pl/cgi-bin/koha/opac-detail.pl?biblionumber=3529
_yKatalog online BPK